000 00399nam a22001697a 4500
003 OSt
008 240413b |||||||| |||| 00| 0 eng d
020 _a9789332582705
082 _a005.74 ELF
100 _aELMASRI,Ramez
245 _aFundamentals of Database Systems
250 _a7th Ed
260 _aUP
_bPearson
_c2023
300 _a1242
700 _aNAVATHE,Shamkant B
942 _2ddc
_cREF
999 _c12476
_d12476